Midland Int. Air and Space Port Destinations (Midland, TX, USA) - Statistics

General Stats
  • This quiz has been taken 35 times
  • The average score is 8 of 8
Answer Stats
Airline Destination % Correct
American Eagle Dallas/Fort Worth
100%
Southwest Airlines Dallas (Love)
100%
Southwest Airlines Houston (Hobby)
100%
United Airlines/United Express Houston (Intercontinental)
100%
Southwest Airlines Austin
92%
Southwest Airlines/United Express Denver
92%
American Eagle Phoenix (Sky Harbor)
92%
Southwest Airlines Las Vegas
85%
No matching quizzes found
Score Distribution
Percent of People with Each Score
Percentile by Number Answered
Your Score History
You have not taken this quiz